Integrácia akciových trhov : Grangerov model a efekt nesynchrónneho obchodovania
Skúmanie vzťahov medzi americkým akciovým trhom a akciovými trhmi z rôznych krajín. Poukázanie na významnosť efektu nesynchrónneho obchodovania pri skúmaní jednosmerných závislostí medzi svetovými akciovými trhmi.
Gespeichert in:
| 1. Verfasser: | |
|---|---|
| Format: | Buchkapitel |
| Sprache: | Slowakisch |
| Schlagworte: | |
| Tags: |
Keine Tags, Fügen Sie das erste Tag hinzu!
|
MARC
| LEADER | 00000nla$a2200000$$$4500 | ||
|---|---|---|---|
| 001 | 0105213 | ||
| 005 | 20240502072146.8 | ||
| 041 | 0 | |a slo | |
| 044 | |a SK | ||
| 245 | 1 | 0 | |a Integrácia akciových trhov : Grangerov model a efekt nesynchrónneho obchodovania |c Eduard Baumöhl |
| 520 | |a Skúmanie vzťahov medzi americkým akciovým trhom a akciovými trhmi z rôznych krajín. Poukázanie na významnosť efektu nesynchrónneho obchodovania pri skúmaní jednosmerných závislostí medzi svetovými akciovými trhmi. | ||
| 610 | 2 | 0 | |a trh |
| 610 | 2 | 0 | |a akcie |
| 610 | 2 | 0 | |a USA |
| 610 | 2 | 0 | |a svet |
| 610 | 2 | 0 | |a obchod |
| 610 | 2 | 0 | |a modely |
| 100 | 1 | |a Baumöhl, Eduard, 1982- | |